000 00316nam a2200145Ia 4500
100 _aSuratkar & Thatte
650 _aChemistry
942 _cBK
654 _aInorganic
245 _aProgressive Inorganic Chemistry
260 _bIdeal Book Services
_c2001
082 _a546
300 _a1255
546 _aENGLISH
999 _c30598
_d30598